01552nam a2200421 i 450000100060000000300080000600500170001400600190003100700150005000800410006502000180010602000270012403500220015104000310017305000250020408000080022908200120023710000330024924500730028226400370035530000420039233600310043433700330046533800430049849000380054150400430057958800830062259001620070565000250086765000270089265000150091965000320093465500270096679700180099383000390101185600630105099900170111322130FlNmELB20241216214000.0m o u cr cn|||||||||190810s2018 sp ob 000 0 spa d z9788470527838 a9788470527845 (e-book) a(OCoLC)1121496104 aFINmELBbspaerdacFINmELB14aJF1525.P7bC387 2018 a35404a3542231 aCebrián Abellán, Manuel.10aFormularios sobre el patrimonio local /cManuel Cebrián Abellán. 1aMadrid :bWolters Kluwer,c2018. a1 recurso en línea (1008 páginas) atextobtxt2rdacontent/spa acomputadorabc2rdamedia/spa arecurso en líneabcr2rdacarrier/spa1 aEl Consultor de los ayuntamientos aContiene referencias bibliográficas. aDescripción basada en metadatos suministrados por el editor y otras fuentes. aRecurso electrónico. Santa Fe, Arg.: elibro, 2019. Disponible vía World Wide Web. El acceso puede estar limitado para las bibliotecas afiliadas a elibro. 0aGovernment property. 0aPublic administration. 4aPropiedad. 4aAdministración pública. 4aLibros electrónicos.2 aelibro, Corp. 0aEl Consultor de los ayuntamientos.40uhttps://elibro.net/ereader/politecnicointernacional/107184 c22130d22130